Tiempo de trabajo: duración, ordenación y distribución
Guardado en:
| Autor principal: | |
|---|---|
| Formato: | Libro |
| Lenguaje: | español |
| Publicado: |
Barcelona
Atelier
2006
|
| Colección: | Colección Atelier Laboral
|
| Materias: | |
| Etiquetas: |
Agregar Etiqueta
Sin Etiquetas, Sea el primero en etiquetar este registro!
|
MARC
| LEADER | 00000nam a2200000 a 4500 | ||
|---|---|---|---|
| 001 | UCI3832 | ||
| 003 | CL-VaPUC | ||
| 008 | 071130e20060000SP |||||||||||||||||spa|d | ||
| 020 | |a 8496354954 | ||
| 082 | 0 | 4 | |a 344.4602 |b EZQ |2 21 |
| 100 | 0 | |a Ezquerra Escudero, Luis |e author |9 525362 | |
| 245 | 1 | 0 | |a Tiempo de trabajo: duración, ordenación y distribución |
| 300 | |a 646 p | ||
| 942 | |c BK | ||
| 945 | |d 20071130 00:00:00 |a jtorresc | ||
| 260 | |a Barcelona |b Atelier |c 2006 | ||
| 650 | 7 | |a DERECHO LABORAL |2 CL-VaPUC |9 15 | |
| 650 | 7 | |a REFORMA LABORAL |2 CL-VaPUC |9 352892 | |
| 650 | 7 | |a SINDICALISMO |2 CL-VaPUC |9 525363 | |
| 650 | 0 | |a Grupos sociales |9 268887 | |
| 650 | 0 | |a Código civil |9 256135 | |
| 651 | 0 | |a España |9 254926 | |
| 583 | |a last modification |c 20170801 04:32:14 |k Rodrigo Vera | ||
| 490 | 0 | |a Colección Atelier Laboral | |
| 999 | |c 327893 |d 327891 | ||
| 952 | |0 0 |1 0 |4 0 |6 344_460200000000000_EZQ_2006 |7 0 |8 A |9 411420 |a BIBDER |b BIBDER |d 2019-11-22 |i 4392361 |o 344.4602 EZQ 2006 |p 4392361 |r 2023-01-25 |w 2019-11-22 |y BK |k DER | ||
| 952 | |0 0 |1 0 |4 0 |6 344_460200000000000_EZQ_2006 |7 0 |8 A |9 411421 |a BIBDER |b BIBDER |d 2019-11-22 |i 449525K |o 344.4602 EZQ 2006 |p 449525K |r 2023-01-25 |w 2019-11-22 |y BK |k DER | ||
| 952 | |0 0 |1 0 |4 0 |6 344_460200000000000_EZQ_2006 |7 0 |8 A |9 411422 |a BIBDER |b BIBDER |d 2019-11-22 |i 4784413 |o 344.4602 EZQ 2006 |p 4784413 |r 2023-01-25 |w 2019-11-22 |y BK |k DER | ||